| 000 | 00490nam a22001817a 4500 | ||
|---|---|---|---|
| 003 | LK-CoDNM | ||
| 005 | 20260328103110.0 | ||
| 008 | 260328b |||||||| |||| 00| 0 eng d | ||
| 022 | _a9786245768516 | ||
| 040 |
_aLK-CoDNM _dLK-CoDNM _eLK-CoDNM |
||
| 080 |
_aX8C31 _bDIS |
||
| 100 | _aදිසානායක,තරංගා / disanayaka,tharanga | ||
| 245 | _aවාපී | ||
| 260 |
_aragama _bpolgahahena _c2024 |
||
| 300 | _a336,21cm | ||
| 650 | _asinhala fiction | ||
| 942 | _cBK | ||
| 999 |
_c240601 _d240601 |
||